000 00472nam a2200169Ia 4500
003 GCL
008 140319s9999 xx 000 0 ara d
040 _aGCL /
_cGCL
082 0 4 _a020
_bم ع
100 1 _aمحمد ماهر حمادة
245 1 0 _aعلم المكتبات والمعلومات ط2 /
_cمحمد ماهر حمادة
300 _a218 ص
490 _a
650 0 4 _aالمكتبات، علم
650 0 4 _aالمعلومات، علم
942 _2ddc
_cBK
999 _c39105
_d39105